Tony tapir & rakan-rakan

Bibliographic Details
Main Author: Chew, Patricia G.I (Author)
Other Authors: Hui, Ong Lyn (Illustrator)
Format: Book
Published: Singapore : Pen International Pte Ltd 2019
Subjects:

MARC

LEADER 00000cam a2200000 7i4500
001 0000095161
005 20250701094646.0
020 |a 9786299858218 (  |q paperback) 
040 |e rda 
041 |a Malay 
090 0 0 |a JF   |b MAL 
100 1 |a Chew, Patricia G.I. ,   |e (author) 
245 0 0 |a Tony tapir & rakan-rakan   |c Patricia G.I. Chew 
264 1 |a Singapore :   |b Pen International Pte Ltd   |c 2019 
300 |a 102 pages :   |b colour illustration ;   |c 21 cm. 
336 |a text  |2 rdacontent 
337 |a unmediated  |2 rdamedia 
338 |a volume  |2 rdacarrier 
500 |a Children ages 10-12 years old (pink) 
541 |c Purchased on 2024   |f 24/NUR145 NNS   |h RM29.90 
650 0 |a Animal   |x fiction 
650 0 |a Children's stories, English 
700 0 |a Hui, Ong Lyn ,   |e (illustrator) 
999 |a 0001814285   |b Book   |c Children Collection   |e Perbadanan Perpustakaan Awam Johor 
999 |a 0001814286   |b Book   |c Children Collection   |e Perbadanan Perpustakaan Awam Johor 
999 |a 0001814287   |b Book   |c Children Collection   |e Perbadanan Perpustakaan Awam Johor 
999 |a 0001814288   |b Book   |c Children Collection   |e Perbadanan Perpustakaan Awam Johor 
999 |a 0001814289   |b Book   |c Children Collection   |e Perbadanan Perpustakaan Awam Johor 
999 |a 0001814290   |b Book   |c Children Collection   |e Perbadanan Perpustakaan Awam Johor 
999 |a 0001814291   |b Book   |c Children Collection   |e Perbadanan Perpustakaan Awam Johor 
999 |a 0001814292   |b Book   |c Children Collection   |e Perbadanan Perpustakaan Awam Johor 
999 |a 0001814293   |b Book   |c Children Collection   |e Perbadanan Perpustakaan Awam Johor 
999 |a 0001814294   |b Book   |c Children Collection   |e Perbadanan Perpustakaan Awam Johor 
999 |a 0001814295   |b Book   |c Children Collection   |e Perbadanan Perpustakaan Awam Johor 
999 |a 0001814296   |b Book   |c Children Collection   |e Perbadanan Perpustakaan Awam Johor 
999 |a 0001814297   |b Book   |c Children Collection   |e Perbadanan Perpustakaan Awam Johor 
999 |a 0001814298   |b Book   |c Children Collection   |e Perbadanan Perpustakaan Awam Johor 
999 |a 0001814299   |b Book   |c Children Collection   |e Perbadanan Perpustakaan Awam Johor 
999 |a 0001814300   |b Book   |c Children Collection   |e Perbadanan Perpustakaan Awam Johor 
999 |a 0001814301   |b Book   |c Children Collection   |e Perbadanan Perpustakaan Awam Johor 
999 |a 0001814532   |b Book   |c Children Collection   |e Desa - PPAJ 
999 |a 0001814533   |b Book   |c Children Collection   |e Desa - PPAJ 
999 |a 0001814534   |b Book   |c Children Collection   |e Desa - PPAJ 
999 |a 0001814535   |b Book   |c Children Collection   |e Desa - PPAJ 
999 |a 0001814536   |b Book   |c Children Collection   |e Desa - PPAJ 
999 |a 0001814537   |b Book   |c Children Collection   |e Desa - PPAJ 
999 |a 0001814538   |b Book   |c Children Collection   |e Desa - PPAJ 
999 |a 0001814539   |b Book   |c Children Collection   |e Desa - PPAJ 
999 |a 0001814540   |b Book   |c Children Collection   |e Desa - PPAJ 
999 |a 0001814541   |b Book   |c Children Collection   |e Desa - PPAJ 
999 |a 0001814542   |b Book   |c Children Collection   |e Desa - PPAJ 
999 |a 0001814543   |b Book   |c Children Collection   |e Desa - PPAJ 
999 |a 0001814544   |b Book   |c Children Collection   |e Desa - PPAJ 
999 |a 0001814545   |b Book   |c Children Collection   |e Desa - PPAJ 
999 |a 0001814546   |b Book   |c Children Collection   |e Desa - PPAJ 
999 |a 0001814547   |b Book   |c Children Collection   |e Desa - PPAJ 
999 |a 0001814548   |b Book   |c Children Collection   |e Desa - PPAJ 
999 |a 0001814549   |b Book   |c Children Collection   |e Desa - PPAJ 
999 |a 0001814550   |b Book   |c Children Collection   |e Desa - PPAJ 
999 |a 0001814551   |b Book   |c Children Collection   |e Desa - PPAJ 
999 |a 0001814552   |b Book   |c Children Collection   |e Desa - PPAJ 
999 |a 0001814553   |b Book   |c Children Collection   |e Desa - PPAJ 
999 |a 0001814554   |b Book   |c Children Collection   |e Desa - PPAJ 
999 |a 0001814555   |b Book   |c Children Collection   |e Desa - PPAJ 
999 |a 0001814556   |b Book   |c Children Collection   |e Desa - PPAJ 
999 |a 0001814557   |b Book   |c Children Collection   |e Desa - PPAJ 
999 |a 0001814558   |b Book   |c Children Collection   |e Desa - PPAJ 
999 |a 0001814559   |b Book   |c Children Collection   |e Desa - PPAJ 
999 |a 0001814560   |b Book   |c Children Collection   |e Desa - PPAJ 
999 |a 0001814561   |b Book   |c Children Collection   |e Desa - PPAJ 
999 |a 0001814562   |b Book   |c Children Collection   |e Desa - PPAJ 
999 |a 0001814563   |b Book   |c Children Collection   |e Desa - PPAJ 
999 |a 0001814564   |b Book   |c Children Collection   |e Desa - PPAJ 
999 |a 0001814565   |b Book   |c Children Collection   |e Desa - PPAJ 
999 |a 0001814566   |b Book   |c Children Collection   |e Desa - PPAJ 
999 |a 0001814567   |b Book   |c Children Collection   |e Desa - PPAJ 
999 |a 0001814568   |b Book   |c Children Collection   |e Desa - PPAJ 
999 |a 0001814569   |b Book   |c Children Collection   |e Desa - PPAJ 
999 |a 0001814570   |b Book   |c Children Collection   |e Desa - PPAJ 
999 |a 0001814571   |b Book   |c Children Collection   |e Desa - PPAJ 
999 |a 0001814572   |b Book   |c Children Collection   |e Desa - PPAJ